LIBRARY & INFORMATION CENTRE, KCAET, TAVANUR

ONLINE PUBLIC ACCESS CATALOGUE (OPAC)

Soil micro-organisms and plant growth / (Record no. 10871)

MARC details
000 -LEADER
fixed length control field 00484cam a2200181ua 4500
020 ## - INTERNATIONAL STANDARD BOOK NUMBER
ISBN 81 204 0096 8
041 ## - LANGUAGE CODE
Language code of text/sound track or separate title eng
082 ## - DEWEY DECIMAL CLASSIFICATION NUMBER
Classification number 631.46
Item number SUB/SO
100 ## - MAIN ENTRY--AUTHOR NAME
Personal name Subbarao, N S .
245 ## - TITLE STATEMENT
Title Soil micro-organisms and plant growth /
250 ## - EDITION STATEMENT
Edition statement 2 /
260 ## - PUBLICATION, DISTRIBUTION, ETC. (IMPRINT)
Place of publication New Delhi :
Name of publisher Oxford & IBH Publishing company ,
Year of publication 1983.
300 ## - PHYSICAL DESCRIPTION
Number of Pages 314 ; .
942 ## - ADDED ENTRY ELEMENTS (KOHA)
Koha item type Books
Holdings
Withdrawn status Lost status Damaged status Home library Current library Date acquired Full call number Accession Number Koha item type
      KAUAET KAUAET 01/09/1986 631.46 15527 Books
free website counter